000 00427nam a2200181Ia 4500
001 18823
005 20260306171659.0
008 260306s9999||||xx |||||||||||||| ||und||
041 _aESP
082 _a658.5
_bN25
100 _aNarasimhan, Sim
_eAUT
245 0 _aPlaneación de la producción y control de inventarios
260 _c1996
300 _a
_c
650 _aGEN
654 _aCAN
942 _cLIB
_dJUS
_fJUS
_2ddc
_n
999 _c18823
_d18823